000 00858nam a2200253 a 4500
001 24318
003 BD-RjUL
005 20211209001033.0
008 140313r19631950enk b 001 0 eng d
035 _a(BD-RjUL)24384
040 _aALT
_cALT
_dOCL
_dBD-RjUL
_beng
041 _aeng
082 0 4 _a935
_bHAA 1963
100 1 _aHall, H. R.
_q(Harry Reginald),
_d1873-1930.
_974880
245 1 4 _aThe ancient history of the Near East from the earliest times to the battle of Salamis /
_cH. R. Hall
250 _a11th ed.
260 _aLondon :
_bMethuen,
_c1950 [reprinted 1963].
300 _axxxiv, 620 p, 17 leaves of plates :
_bplan (fold.), maps ;
_c22 cm.
500 _a"Addenda", p. 589-605
504 _aincludes Bibliographical reference and index.
650 0 _aCivilization, Ancient
_934340
650 0 _aHistory, Ancient
_974881
942 _2ddc
_cBK
999 _c24318
_d24318